Contrato de trabajo con cláusula de confidencialidad (Registro nro. 22634)
[ vista simple ]
| 000 -Cabecera | |
|---|---|
| Campo de control interno | 01529nam a2200277 4500 |
| 001 - Número de control | |
| control field | ESSALUD |
| 005 - Fecha y hora de la última transacción | |
| Campo de control | 20260703110123.0 |
| 007 - Tipo material - Descripcion fisica - info general | |
| Tipo material - Descripcion fisica - info general | ta |
| 008 - Elementos de Longitud Fija - Información General | |
| Elementos de Longitud Fija - Información | t pe ||||| |||| 00| 0 spa d |
| 040 ## - Origen de la Catalogación | |
| Origen de la Catalogación | BMG |
| 041 ## - Idioma | |
| Idioma | spa |
| 100 ## - Autor | |
| Autor | Tarazana Pineda, Manolo Narciso |
| Rol del Autor | Autor |
| 9 (RLIN) | 53135 |
| 245 ## - Titulo | |
| Titulo | Contrato de trabajo con cláusula de confidencialidad |
| 300 ## - Páginas | |
| Paginación | páginas 214-219 |
| 500 ## - Nota General | |
| Nota General | Documento laboral |
| 520 ## - Resumen | |
| Resumen | El presente modelo de contrato de trabajo ha sido elaborado bajo<br/>un enfoque preventivo y conforme a la normativa laboral vigente, incorporando<br/>de manera expresa, diferenciada y destacada una cláusula específica de confidencialidad,<br/>la cual ha sido formulada atendiendo a criterios lega les y jurisprudencia les<br/>actuales. Dicha cláusula establece con precisión los supuestos de aplicación,<br/>las exclusiones razonables, la vigencia temporal de la obligación y las consecuencias<br/>jurídicas ante un eventual incumplimiento, evitando automatismos sancionadores<br/>y garantizando su compatibilidad con el régimen de faltas graves previsto<br/>en nuestra normativa. <br/> |
| 650 ## - Temas - Descriptores | |
| Temas - Descriptores | SECTOR PÚBLICO |
| 9 (RLIN) | 1012 |
| 650 ## - Temas - Descriptores | |
| Temas - Descriptores | PRESUPUESTO |
| 650 ## - Temas - Descriptores | |
| Temas - Descriptores | SERVIDORES |
| 9 (RLIN) | 53222 |
| 650 ## - Temas - Descriptores | |
| Temas - Descriptores | CONTRATACIÓN |
| 650 ## - Temas - Descriptores | |
| Temas - Descriptores | CONTRATOS DE TRABAJO |
| 650 ## - Temas - Descriptores | |
| Temas - Descriptores | CONFIDENCIALIDAD |
| 9 (RLIN) | 49425 |
| 650 ## - Temas - Descriptores | |
| Temas - Descriptores | DERECHO LABORAL |
| 9 (RLIN) | 207 |
| 773 0# - Revista (Relacion con el numero) | |
| Host Biblionumber | 22614 |
| Host Itemnumber | 22623 |
| Ciudad, Editorial | Lima Grupo Praxis Formación Profesional, 2026- |
| Codigo barras item/ejemplar | PRALAB001 |
| Titulo de la Revista | Praxis Laboral & Procesal Laboral |
| Número de control de registro | ESSALUD |
| ISSN | 3119-768X |
| 942 ## - Elementos de Koha | |
| Tipo de Documento | Artículos |
| Fecha procesamiento | 2026-07-02 |
| Catalogador | SQB |
No hay ítems disponibles.